Cuerpos pintados por Pasta

Gorde:
Xehetasun bibliografikoak
Erakunde egilea: Taller Experimental Cuerpos Pintados (Egilea)
Formatua: Liburua
Hizkuntza:gaztelania
Argitaratua: Santiago Taller Experimental Cuerpos Pintados 2004
Edizioa:1a. ed
Saila:Colección Cuerpos Pintados, Pintura A24
Gaiak:
Etiketak: Etiketa erantsi
Etiketarik gabe, Izan zaitez lehena erregistro honi etiketa jartzen!

MARC

LEADER 00000cam a2200000 a 4500
001 UCF9397
003 CL-VaPUC
008 131115e20040000cl |||||||||||||||||spa|d
020 |a 9562951847 
082 0 4 |a 757.22  |b TAL  |2 21 
110 2 |a Taller Experimental Cuerpos Pintados  |e author  |9 571682 
245 1 0 |a Cuerpos pintados por Pasta 
250 |a 1a. ed 
300 |a 99 p 
942 |c BK 
945 |d 20131115 14:49:00  |a dcastane 
260 |a Santiago  |b Taller Experimental Cuerpos Pintados  |c 2004 
500 |a Fotografía de Roberto Edwards 
650 7 |a DESNUDO EN EL ARTE  |2 CL-VaPUC  |9 444355 
650 0 |a Pintura  |9 265046 
650 0 |a Pintura chilena siglo 20  |9 314453 
583 |a last modification  |c 20131115 14:49:00  |k Rodrigo Vera 
490 0 |a Colección Cuerpos Pintados, Pintura A24 
999 |c 353843  |d 353841 
952 |0 0  |1 0  |3 erd  |4 0  |6 757_220000000000000_TAL_2004  |7 0  |8 X  |9 459264  |a BIBART  |b BIBART  |i 5025044  |o 757.22 TAL 2004  |p 5025044  |r 2025-03-13  |w 2019-11-23  |y BK_X  |z Catalogado en:20131115  |k ART